Villes de l'Inde A-Z - Statistiques

Statistiques générales
  • Ce quiz a été pris 47 fois
  • Le résultat moyen est 9 sur 21
Statistiques - réponses
Lettre Réponse % Correct
B Bombay / Bhiwandi / Bhilai / Bhavnagar / Bhubaneswar / Bikaner / Bareilly / Bhopal / Bangalore / Benares
100%
D Durgapur / Dehradun / Delhi / Dhanbad
98%
A Ahmedabad / Agra / Aurangabad / Amritsar / Aligarh / Amravati / Asansol / Ajmer
88%
J Jodhpur / Jaipur / Jammu / Jabalpur / Jalandhar / Jamshedpur / Jamnagar / Jhansi
83%
K Kolkata / Kanpur / Kalyan / Kota / Kochi
79%
N Nagpur / Nashik / Navi Mumbai / Noida / Nanded / Nellore
71%
H Hyderabad / Haryana / Haora / Hubli
69%
P Pune / Pimpri / Patna / ¨Prayagraj
62%
M Madras / Meerut / Madurai / Moradabad / Mysore / Mira
50%
L Lucknow / Ludhiana / Loni
45%
S Surat / Srinagar / Solapur / Salem / Saharanpur / Siliguri / Sangli
43%
C Coimbatore / Chandigarh / Cuttack
31%
I Indore
26%
R Ranchi / Rajkot / Raipur
19%
G Ghaziabad / Gwalior / Guwahati / Gurgaon / Gorakpur / Guntûr / Gulbarga
17%
V Visakhapatnam / Vadodara / Vasai / Vijayawada
12%
T Thane / Tiruchirappalli / Thiruvananthapuram
10%
F Firozabad / Faridabad
5%
U Ujjain / Ulhasnagar
2%
W Warangal
2%
E ; O ; Y Ozhukarai / Yamunanagar / Ongole / Etawah / Eluru / English Bazar
0%
Aucun quiz correspondant
Distribution des résultats
% des personnes avec chaque résultat
Percentile par nombre de réponses
Votre historique - résultats
Vous n’avez pas pris ce quiz